LEADER 01071nam a2200277 u 4500 001 000000005786 003 CaOOAMICUS 005 20070226104813.0 008 950519s1977 it u000 u ita u 020 $aL30000 035 $a10146829 040 $aPUL(R)$bita 245 00$aDizionario delle idee /$c[a cura del] Centro di studi filosofici di Gallarate. 260 $aFirenze :$bSansoni,$c1977. 300 $a1302 p. ;$c24 cm 500 $aIncludes index. 504 $aBibliography: 5th prelim. p. 650 4$aFilosofia$xDizionari$xLingua italiana.$0(OLS)http://pul/subject/5272 710 2 $aCentro di studi filosofici di Gallarate.$0(OLS)http://pul/name/3733 850 $aPUL 852 $aPUL$W1$xDP1 Fondo Giannini$y60$m1552 B 16$j8237$nBK-PRI$b $qFondi$B8237$CPULBib$Z2$F8237 $H $81 941 1 $a1 961 $aINV: F. Giannini 996 $6020$aL30000$9(OLS)http://pul/number/7506 996 $6245$aDizionario delle idee$9(OLS)http://pul/title/8478 996 $6260$aFirenze :$bSansoni$9(OLS)http://pul/publisher/47896 LEADER 01154nam a2200289 u 4500 001 000000059463 003 CaOOAMICUS 005 20070226120813.0 008 010628s1989 it u000 u ita u 020 $a881640230X 035 $a10894560 040 $aPUL(R)$bita 100 1 $aDerrida, Jacques,$d1930-2004.$0(OLS)http://pul/name/26755 245 13$aLa disseminazione /$cJacques Derrida ; a cura di Silvano Petrosino. 260 $aMilano :$bJaca Book,$c1989. 300 $a377 p. ;$c23 cm 490 1 $aDi fronte e attraverso.$aFilosofia ;$v230 650 4$aSemiologia.$0(OLS)http://pul/subject/23040 700 1 $aPetrosino, Silvano,$d1955-$0(OLS)http://pul/name/13516 830 0$aDi fronte e attraverso.$pFilosofia ;$v230.$0(OLS)http://pul/title/8614 850 $aPUL 852 $aPUL$W1$xSL Filosofia 2$y80$mPhil D4 29$j77514$nBK-PRI$b $qStampati altre collocazioni$B77514$CPULBib$Z2$F77514 $81 941 1 $a10 961 $aINV: 61341 996 $6020$a881640230X$9(OLS)http://pul/number/75651 996 $6245$aLa disseminazione$9(OLS)http://pul/title/79610 996 $6260$aMilano :$bJaca Book$9(OLS)http://pul/publisher/47900